<?xml version="1.0" encoding="UTF-8"?>
<record
    xmlns:xsi="http://www.w3.org/2001/XMLSchema-instance"
    xsi:schemaLocation="http://www.loc.gov/MARC21/slim http://www.loc.gov/standards/marcxml/schema/MARC21slim.xsd"
    xmlns="http://www.loc.gov/MARC21/slim">

  <leader>08227cam a22006614i 4500</leader>
  <controlfield tag="003">PE-LiUPU</controlfield>
  <controlfield tag="005">20250731183339.0</controlfield>
  <controlfield tag="008">150824s2014    pe a    r     000 0 spa d</controlfield>
  <datafield tag="020" ind1=" " ind2=" ">
    <subfield code="a">9786123003920</subfield>
    <subfield code="q">(cajas y bolsas)</subfield>
  </datafield>
  <datafield tag="020" ind1=" " ind2=" ">
    <subfield code="a">9786123003937</subfield>
    <subfield code="q">(el arte del papel)</subfield>
  </datafield>
  <datafield tag="020" ind1=" " ind2=" ">
    <subfield code="a">9786123003944</subfield>
    <subfield code="q">(bordados peruanos)</subfield>
  </datafield>
  <datafield tag="020" ind1=" " ind2=" ">
    <subfield code="a">9786123003951</subfield>
    <subfield code="q">(hilorama)</subfield>
  </datafield>
  <datafield tag="020" ind1=" " ind2=" ">
    <subfield code="a">9786123003968</subfield>
    <subfield code="q">(vinchas y lazos)</subfield>
  </datafield>
  <datafield tag="020" ind1=" " ind2=" ">
    <subfield code="a">9786123003975</subfield>
    <subfield code="q">(repujado en metal)</subfield>
  </datafield>
  <datafield tag="020" ind1=" " ind2=" ">
    <subfield code="a">9786123003982</subfield>
    <subfield code="q">(encajes franceses)</subfield>
  </datafield>
  <datafield tag="020" ind1=" " ind2=" ">
    <subfield code="a">9786123004019</subfield>
    <subfield code="q">(decoraci&#xF3;n de fiestas infantiles)</subfield>
  </datafield>
  <datafield tag="020" ind1=" " ind2=" ">
    <subfield code="a">9786123004002</subfield>
    <subfield code="q">(pintura con texturas y transparencias)</subfield>
  </datafield>
  <datafield tag="020" ind1=" " ind2=" ">
    <subfield code="a">9786123003999</subfield>
    <subfield code="q">(mu&#xF1;equer&#xED;a)</subfield>
  </datafield>
  <datafield tag="035" ind1=" " ind2=" ">
    <subfield code="a">(Sirsi) a154067</subfield>
  </datafield>
  <datafield tag="040" ind1=" " ind2=" ">
    <subfield code="a">PE-LiUPU</subfield>
    <subfield code="b">spa</subfield>
    <subfield code="c">PE-LiUPU</subfield>
    <subfield code="e">rda</subfield>
  </datafield>
  <datafield tag="082" ind1="0" ind2="4">
    <subfield code="a">745.5</subfield>
    <subfield code="b">O67</subfield>
  </datafield>
  <datafield tag="100" ind1="1" ind2=" ">
    <subfield code="a">Orjeda Fern&#xE1;ndez, Mar&#xED;a Jacqueline,</subfield>
    <subfield code="e">autor.</subfield>
  </datafield>
  <datafield tag="245" ind1="1" ind2="0">
    <subfield code="a">Mujer empresaria /</subfield>
    <subfield code="c">Maria Jacqueline Orjeda Fern&#xE1;ndez.</subfield>
  </datafield>
  <datafield tag="246" ind1="3" ind2="3">
    <subfield code="a">Cajas y bolsas :</subfield>
    <subfield code="b">empaques personalizados</subfield>
  </datafield>
  <datafield tag="246" ind1="3" ind2="3">
    <subfield code="a">Arte del papel :</subfield>
    <subfield code="b">scrapbooks para atesorar recuerdos</subfield>
  </datafield>
  <datafield tag="246" ind1="3" ind2="3">
    <subfield code="a">Bordados peruanos :</subfield>
    <subfield code="b">puntos, hilados y motivos</subfield>
  </datafield>
  <datafield tag="246" ind1="3" ind2="3">
    <subfield code="a">Hilorama :</subfield>
    <subfield code="b">el arte de los hilos tensados</subfield>
  </datafield>
  <datafield tag="246" ind1="3" ind2="3">
    <subfield code="a">Vinchas y lazos :</subfield>
    <subfield code="b">accesorios chic</subfield>
  </datafield>
  <datafield tag="246" ind1="3" ind2="3">
    <subfield code="a">Repujado en metal :</subfield>
    <subfield code="b">altos y bajos relieves</subfield>
  </datafield>
  <datafield tag="246" ind1="3" ind2="3">
    <subfield code="a">Encajes franceses :</subfield>
    <subfield code="b">recortes y festones</subfield>
  </datafield>
  <datafield tag="246" ind1="3" ind2="3">
    <subfield code="a">Decoraci&#xF3;n de fiestas infantiles :</subfield>
    <subfield code="b">adornos, envolturas y golosinas</subfield>
  </datafield>
  <datafield tag="246" ind1="3" ind2="3">
    <subfield code="a">Pintura con texturas y transparencias :</subfield>
    <subfield code="b">aplicaciones decorativas</subfield>
  </datafield>
  <datafield tag="246" ind1="3" ind2="3">
    <subfield code="a">Mu&#xF1;equer&#xED;a :</subfield>
    <subfield code="b">el arte en tus manos</subfield>
  </datafield>
  <datafield tag="250" ind1=" " ind2=" ">
    <subfield code="a">Primera edici&#xF3;n.</subfield>
  </datafield>
  <datafield tag="264" ind1=" " ind2="1">
    <subfield code="a">Lima :</subfield>
    <subfield code="b">Punto;Coma,</subfield>
    <subfield code="c">2014</subfield>
    <subfield code="e">(Lima :</subfield>
    <subfield code="f">Empresa Editora El Comercio).</subfield>
  </datafield>
  <datafield tag="300" ind1=" " ind2=" ">
    <subfield code="a">10 tomos :</subfield>
    <subfield code="b">ilustraciones ;</subfield>
    <subfield code="c">28 cm.</subfield>
  </datafield>
  <datafield tag="490" ind1="0" ind2=" ">
    <subfield code="a">Mujer empresaria</subfield>
  </datafield>
  <datafield tag="505" ind1="0" ind2="0">
    <subfield code="t">Cajas y bolsas : empaques personalizados --</subfield>
    <subfield code="a">Bolsa alegr&#xED;a -- Bolsa juvenil -- Bolsa margarita -- Bolsa primavera -- Bolsa r&#xFA;stica -- Bolsa tulipanes -- Bolsa universal -- Caja almohada -- Caja b&#xE1;sica -- Caja corona -- Caja ensue&#xF1;o -- Caja sorpresa -- C&#xF3;mo hacer un lazo -- C&#xF3;mo hacer un mo&#xF1;o --</subfield>
    <subfield code="t">El arte del papel : scrapbooks para atesorar recuerdos --</subfield>
    <subfield code="a">&#xC1;lbum de bolsillo -- &#xC1;lbum de una sola hoja -- &#xE1;lbum moderno -- Caja de recuerdos -- Caja de torta -- Decorativo para reci&#xE9;n nacido -- Invitaci&#xF3;n a baby shower -- Souvenircon chocolates -- Tarjeta de bautizo -- Tarjeta de cumplea&#xF1;os -- Tarjeta de graduaci&#xF3;n -- Tarjeta juvenil -- Tarjeta masculina -- Tarjeta para pap&#xE1; --</subfield>
    <subfield code="t">Bordados peruanos : puntos, hilados y motivos --</subfield>
    <subfield code="t">Bordado ayacuchano : camino de mesa aguamarina -- Bordado ayacuchano : cartera de cuerina -- Bordado ayacuchano : coj&#xED;n de flores estrella -- Bordado ayacuchano : faj&#xED;n -- Bordado ayacuchano : individual blanco -- Bordado ayacuchano : portacelular -- Bordado ayacuchano : portalentes -- Punto llama : cartera crema con rombos -- Punto llama : individual  chacana -- Punto llama : individual chacana entrelazada -- Punto llama : individual con rombos -- Punto llama : morral marr&#xF3;n -- Punto llama con canvas : cartera negra -- Punto llama con canvas : cartera verde --</subfield>
    <subfield code="t">Hilorama : el arte de los hilos tensados -- Cuadro coraz&#xF3;n -- Cuadro de virgen -- Cuadro floral -- Cuadro osito -- Cuadro  zapato de taco -- Tarjeta canasta con flores -- Tarjeta con estrellas -- Tarjeta con margarita y mariposa -- Tarjeta coraz&#xF3;n con flores -- Tarjeta de navidad -- Tarjeta estrella fugaz -- Tarjeta flor dorada -- Tarjeta para mam&#xE1; -- Tarjeta tulip&#xE1;n --</subfield>
    <subfield code="t">Vinchas y lazos : accesorios chic --</subfield>
    <subfield code="a">Gancho banana full color -- Ganchos mariquitas -- Lazo abeja -- Lazo fantas&#xED;a -- Lazo rosa print -- Lazo tulip&#xE1;n -- Mo&#xF1;o cupcake -- Mo&#xF1;o leopardo -- Vincha de lunares de oto&#xF1;o -- Vincha dulce chocolate -- Vincha fiesta -- Vincha flor de loto -- Vincha ilusi&#xF3;n -- Vincha rosa beb&#xE9; --</subfield>
    <subfield code="t">Repujado en metal : altos y bajos relieves --</subfield>
    <subfield code="a">Procedimientos b&#xE1;sicos para empezar a repujar -- Azafate para dos -- Babero souvenir para baby shower -- Caja con mandala -- Cofre con flor calada y piedra -- Cuadro con tulipanes -- Organizador con imagen de virgen -- Portafiltrantes -- Portatarjetas en decoupage -- Portarretrato con flores y bordes calados -- Portarretrato para foto panor&#xE1;mica -- Recuerdo del primer diente -- Retablo portavino --</subfield>
    <subfield code="t">Encajes franceses : recortes y festones --</subfield>
    <subfield code="a">Babero con falso bordado -- Centro de mesa con frutas -- Centro de mesa con hojas -- Falso richelieu -- Panera verde -- Tapete con arabescos -- Tapete con mariposa -- Tapete con mariposa multicolor -- Tapete con rosas -- Tapete fucsia -- Tapete marr&#xF3;n con arabescos -- Tapete negro con flores -- Tapete rojo -- Tapete rosa con arabescos --</subfield>
    <subfield code="t">Decoraci&#xF3;n de fiestas infantiles : adornos, envolturas y golosinas --</subfield>
    <subfield code="a">Bolsa para sorpresas -- Brochetas con marshmallows -- Centro de mesa con s&#xFA;per topper -- Chupetes vestidos con papel de seda -- Collar de golosinas -- Cucharitas de chocolate -- Decoraci&#xF3;n de chocolates y botellas de agua -- Flores de marshmallows con chocolate -- Forrado de besos de moza -- Frasco con lentejitas de chocolate -- Galletas oreo ba&#xF1;adas con chocolate -- Topiario de bombones -- Topiario de canchita -- Tubito de ensayo con lentejitas de chocolate --</subfield>
    <subfield code="t">Pintura con texturas y transparencias : aplicaciones decorativas --</subfield>
    <subfield code="a">Agenda con dise&#xF1;o -- Caja de accesorios con dise&#xF1;o precolombino -- Caja reciclada para accesorios -- Cuadro de flores juveniles -- Cuadro decorativo -- Cuadro infantil con elefante -- Cuadro navide&#xF1;o con caricaturas -- Cuadro navide&#xF1;o en la nieve -- Cuadro precolombino en alto relieve -- Lata reciclada portalapiceros -- Mariposa en caja reciclada -- Moldes tomo 1 cajas y bolsas -- Portarretrato geom&#xE9;trico -- Portarretrato lineal --</subfield>
    <subfield code="t">Mu&#xF1;equer&#xED;a : el arte en tus manos --</subfield>
    <subfield code="a">Angelito -- Bailarinas -- Brujitas -- Bebes -- Cocinera portasecador -- Duende soft -- Hadita -- Mu&#xF1;eca con cupcake -- Mu&#xF1;eca costurera -- Mu&#xF1;eca lila -- Mu&#xF1;eca oriental -- Mu&#xF1;eca para decorar el ba&#xF1;o -- Mu&#xF1;eca portacosm&#xE9;ticos -- sirenitas.</subfield>
  </datafield>
  <datafield tag="526" ind1=" " ind2=" ">
    <subfield code="a">P158</subfield>
  </datafield>
  <datafield tag="526" ind1=" " ind2=" ">
    <subfield code="a">P146</subfield>
  </datafield>
  <datafield tag="526" ind1=" " ind2=" ">
    <subfield code="a">P17</subfield>
  </datafield>
  <datafield tag="526" ind1=" " ind2=" ">
    <subfield code="a">P12</subfield>
  </datafield>
  <datafield tag="526" ind1=" " ind2=" ">
    <subfield code="a">P06</subfield>
  </datafield>
  <datafield tag="541" ind1=" " ind2=" ">
    <subfield code="g">002-00392;</subfield>
  </datafield>
  <datafield tag="650" ind1="1" ind2="7">
    <subfield code="a">Trabajos manuales.</subfield>
    <subfield code="2">embne</subfield>
  </datafield>
  <datafield tag="596" ind1=" " ind2=" ">
    <subfield code="a">1</subfield>
  </datafield>
  <datafield tag="942" ind1=" " ind2=" ">
    <subfield code="2">ddc</subfield>
    <subfield code="c">BOOK</subfield>
  </datafield>
  <datafield tag="999" ind1=" " ind2=" ">
    <subfield code="a">745.5 O67 CA</subfield>
    <subfield code="w">DEWEY</subfield>
    <subfield code="c">6764</subfield>
    <subfield code="i">71873</subfield>
    <subfield code="d">6764</subfield>
    <subfield code="e">2016-10-17</subfield>
    <subfield code="f">2021-11-10</subfield>
    <subfield code="g">4</subfield>
    <subfield code="l">CCODEBUL1</subfield>
    <subfield code="m">BUL</subfield>
    <subfield code="n">1</subfield>
    <subfield code="p">3.34</subfield>
    <subfield code="q">4</subfield>
    <subfield code="r">0</subfield>
    <subfield code="s">Y</subfield>
    <subfield code="t">BOOK</subfield>
    <subfield code="u">2015-8-24</subfield>
    <subfield code="x">INGENIERIA</subfield>
    <subfield code="z">UNKNOWN</subfield>
    <subfield code="0">COMPRA</subfield>
    <subfield code="o">.STAFF. Colecci&#xF3;n Ciencias Empresariales</subfield>
  </datafield>
  <datafield tag="999" ind1=" " ind2=" ">
    <subfield code="a">745.5 O67 AR</subfield>
    <subfield code="w">DEWEY</subfield>
    <subfield code="c">1</subfield>
    <subfield code="i">71872</subfield>
    <subfield code="d">2020-1-23</subfield>
    <subfield code="e">2019-6-21</subfield>
    <subfield code="f">2021-11-10</subfield>
    <subfield code="g">7</subfield>
    <subfield code="l">CCODEBUL1</subfield>
    <subfield code="m">BUL</subfield>
    <subfield code="n">7</subfield>
    <subfield code="p">3.34</subfield>
    <subfield code="q">4</subfield>
    <subfield code="r">0</subfield>
    <subfield code="s">Y</subfield>
    <subfield code="t">BOOK</subfield>
    <subfield code="u">2015-8-24</subfield>
    <subfield code="x">INGENIERIA</subfield>
    <subfield code="z">UNKNOWN</subfield>
    <subfield code="0">COMPRA</subfield>
    <subfield code="o">.STAFF. Colecci&#xF3;n General</subfield>
  </datafield>
  <datafield tag="999" ind1=" " ind2=" ">
    <subfield code="a">745.5 O67 BO</subfield>
    <subfield code="w">DEWEY</subfield>
    <subfield code="c">1</subfield>
    <subfield code="i">71871</subfield>
    <subfield code="d">2018-9-21</subfield>
    <subfield code="f">2021-11-10</subfield>
    <subfield code="g">7</subfield>
    <subfield code="l">CCODEBUL1</subfield>
    <subfield code="m">BUL</subfield>
    <subfield code="p">3.34</subfield>
    <subfield code="q">1</subfield>
    <subfield code="r">0</subfield>
    <subfield code="s">Y</subfield>
    <subfield code="t">BOOK</subfield>
    <subfield code="u">2015-8-24</subfield>
    <subfield code="x">INGENIERIA</subfield>
    <subfield code="z">UNKNOWN</subfield>
    <subfield code="0">COMPRA</subfield>
    <subfield code="o">.STAFF. Colecci&#xF3;n General</subfield>
  </datafield>
  <datafield tag="999" ind1=" " ind2=" ">
    <subfield code="a">745.5 O67 HI</subfield>
    <subfield code="w">DEWEY</subfield>
    <subfield code="c">1</subfield>
    <subfield code="i">71870</subfield>
    <subfield code="d">2018-9-21</subfield>
    <subfield code="f">2021-11-10</subfield>
    <subfield code="g">7</subfield>
    <subfield code="l">CCODEBUL1</subfield>
    <subfield code="m">BUL</subfield>
    <subfield code="p">3.34</subfield>
    <subfield code="q">3</subfield>
    <subfield code="r">0</subfield>
    <subfield code="s">Y</subfield>
    <subfield code="t">BOOK</subfield>
    <subfield code="u">2015-8-24</subfield>
    <subfield code="x">INGENIERIA</subfield>
    <subfield code="z">UNKNOWN</subfield>
    <subfield code="0">COMPRA</subfield>
    <subfield code="o">.STAFF. Colecci&#xF3;n General</subfield>
  </datafield>
  <datafield tag="999" ind1=" " ind2=" ">
    <subfield code="a">745.5 O67 VI</subfield>
    <subfield code="w">DEWEY</subfield>
    <subfield code="c">1</subfield>
    <subfield code="i">71869</subfield>
    <subfield code="d">2019-6-23</subfield>
    <subfield code="e">2019-6-21</subfield>
    <subfield code="f">2021-11-10</subfield>
    <subfield code="g">7</subfield>
    <subfield code="l">CCODEBUL1</subfield>
    <subfield code="m">BUL</subfield>
    <subfield code="n">8</subfield>
    <subfield code="p">3.34</subfield>
    <subfield code="q">4</subfield>
    <subfield code="r">0</subfield>
    <subfield code="s">Y</subfield>
    <subfield code="t">BOOK</subfield>
    <subfield code="u">2015-8-24</subfield>
    <subfield code="x">INGENIERIA</subfield>
    <subfield code="z">UNKNOWN</subfield>
    <subfield code="0">COMPRA</subfield>
    <subfield code="o">.STAFF. Colecci&#xF3;n General</subfield>
  </datafield>
  <datafield tag="999" ind1=" " ind2=" ">
    <subfield code="a">745.5 O67 RE</subfield>
    <subfield code="w">DEWEY</subfield>
    <subfield code="c">1</subfield>
    <subfield code="i">71868</subfield>
    <subfield code="d">2018-9-21</subfield>
    <subfield code="f">2021-11-10</subfield>
    <subfield code="g">7</subfield>
    <subfield code="l">CCODEBUL1</subfield>
    <subfield code="m">BUL</subfield>
    <subfield code="p">3.34</subfield>
    <subfield code="q">3</subfield>
    <subfield code="r">0</subfield>
    <subfield code="s">Y</subfield>
    <subfield code="t">BOOK</subfield>
    <subfield code="u">2015-8-24</subfield>
    <subfield code="x">INGENIERIA</subfield>
    <subfield code="z">UNKNOWN</subfield>
    <subfield code="0">COMPRA</subfield>
    <subfield code="o">.STAFF. Colecci&#xF3;n General</subfield>
  </datafield>
  <datafield tag="999" ind1=" " ind2=" ">
    <subfield code="a">745.5 O67 EN</subfield>
    <subfield code="w">DEWEY</subfield>
    <subfield code="c">1</subfield>
    <subfield code="i">71867</subfield>
    <subfield code="d">2019-6-5</subfield>
    <subfield code="e">2019-3-18</subfield>
    <subfield code="f">2021-11-10</subfield>
    <subfield code="g">7</subfield>
    <subfield code="l">CCODEBUL1</subfield>
    <subfield code="m">BUL</subfield>
    <subfield code="n">1</subfield>
    <subfield code="p">3.34</subfield>
    <subfield code="q">2</subfield>
    <subfield code="r">0</subfield>
    <subfield code="s">Y</subfield>
    <subfield code="t">BOOK</subfield>
    <subfield code="u">2015-8-24</subfield>
    <subfield code="x">INGENIERIA</subfield>
    <subfield code="z">UNKNOWN</subfield>
    <subfield code="0">COMPRA</subfield>
    <subfield code="o">.STAFF. Colecci&#xF3;n General</subfield>
  </datafield>
  <datafield tag="999" ind1=" " ind2=" ">
    <subfield code="a">745.5 O67 DE</subfield>
    <subfield code="w">DEWEY</subfield>
    <subfield code="c">1</subfield>
    <subfield code="i">71874</subfield>
    <subfield code="d">2018-9-21</subfield>
    <subfield code="e">2017-9-5</subfield>
    <subfield code="f">2021-11-10</subfield>
    <subfield code="g">7</subfield>
    <subfield code="l">CCODEBUL1</subfield>
    <subfield code="m">BUL</subfield>
    <subfield code="n">4</subfield>
    <subfield code="p">3.34</subfield>
    <subfield code="q">3</subfield>
    <subfield code="r">0</subfield>
    <subfield code="s">Y</subfield>
    <subfield code="t">BOOK</subfield>
    <subfield code="u">2015-8-24</subfield>
    <subfield code="x">INGENIERIA</subfield>
    <subfield code="z">UNKNOWN</subfield>
    <subfield code="0">COMPRA</subfield>
    <subfield code="o">.STAFF. Colecci&#xF3;n Ingenier&#xED;a y Arquitectura</subfield>
  </datafield>
  <datafield tag="999" ind1=" " ind2=" ">
    <subfield code="a">745.5 O67 PI</subfield>
    <subfield code="w">DEWEY</subfield>
    <subfield code="c">1</subfield>
    <subfield code="i">71866</subfield>
    <subfield code="d">2018-9-21</subfield>
    <subfield code="f">2021-11-10</subfield>
    <subfield code="g">7</subfield>
    <subfield code="l">CCODEBUL1</subfield>
    <subfield code="m">BUL</subfield>
    <subfield code="p">3.34</subfield>
    <subfield code="q">3</subfield>
    <subfield code="r">0</subfield>
    <subfield code="s">Y</subfield>
    <subfield code="t">BOOK</subfield>
    <subfield code="u">2015-8-24</subfield>
    <subfield code="x">INGENIERIA</subfield>
    <subfield code="z">UNKNOWN</subfield>
    <subfield code="0">COMPRA</subfield>
    <subfield code="o">.STAFF. Colecci&#xF3;n General</subfield>
  </datafield>
  <datafield tag="999" ind1=" " ind2=" ">
    <subfield code="a">745.5 O67 MU</subfield>
    <subfield code="w">DEWEY</subfield>
    <subfield code="c">1</subfield>
    <subfield code="i">71865</subfield>
    <subfield code="d">2018-9-21</subfield>
    <subfield code="f">2021-11-10</subfield>
    <subfield code="g">7</subfield>
    <subfield code="l">CCODEBUL1</subfield>
    <subfield code="m">BUL</subfield>
    <subfield code="p">3.34</subfield>
    <subfield code="q">3</subfield>
    <subfield code="r">0</subfield>
    <subfield code="s">Y</subfield>
    <subfield code="t">BOOK</subfield>
    <subfield code="u">2015-8-24</subfield>
    <subfield code="x">INGENIERIA</subfield>
    <subfield code="z">UNKNOWN</subfield>
    <subfield code="0">COMPRA</subfield>
    <subfield code="o">.STAFF. Colecci&#xF3;n General</subfield>
  </datafield>
  <datafield tag="980" ind1=" " ind2=" ">
    <subfield code="8">1</subfield>
    <subfield code="g">ALBERTO SANCHEZ Responsable de Automatizaci&#xF3;n</subfield>
  </datafield>
  <datafield tag="952" ind1=" " ind2=" ">
    <subfield code="r">2024-12-10 00:00:00</subfield>
    <subfield code="i">5</subfield>
    <subfield code="l">1</subfield>
    <subfield code="o">745.5 O67 CA</subfield>
    <subfield code="p">71873</subfield>
    <subfield code="s">2016-10-17</subfield>
    <subfield code="t">e1</subfield>
    <subfield code="v">8.34</subfield>
    <subfield code="w">2015-08-24</subfield>
    <subfield code="x">FIA</subfield>
    <subfield code="y">BK</subfield>
    <subfield code="z">inventario-2023-12-13</subfield>
    <subfield code="1">0</subfield>
    <subfield code="2">ddc</subfield>
    <subfield code="5">0</subfield>
    <subfield code="7">0</subfield>
    <subfield code="8">GEN</subfield>
    <subfield code="f">P06</subfield>
    <subfield code="a">BUL</subfield>
    <subfield code="b">BUL</subfield>
    <subfield code="c">GEN</subfield>
    <subfield code="d">2015-08-24</subfield>
    <subfield code="e">COMPRA</subfield>
    <subfield code="g">3.34</subfield>
  </datafield>
  <datafield tag="952" ind1=" " ind2=" ">
    <subfield code="r">2026-04-14 12:55:41</subfield>
    <subfield code="i">8</subfield>
    <subfield code="l">14</subfield>
    <subfield code="o">745.5 O67 AR</subfield>
    <subfield code="p">71872</subfield>
    <subfield code="s">2026-02-11</subfield>
    <subfield code="t">e1</subfield>
    <subfield code="v">8.34</subfield>
    <subfield code="w">2015-08-24</subfield>
    <subfield code="x">FIA</subfield>
    <subfield code="y">BK</subfield>
    <subfield code="z">inventario-2023-12-13</subfield>
    <subfield code="1">0</subfield>
    <subfield code="2">ddc</subfield>
    <subfield code="5">0</subfield>
    <subfield code="7">0</subfield>
    <subfield code="8">GEN</subfield>
    <subfield code="f">P06</subfield>
    <subfield code="a">BUL</subfield>
    <subfield code="b">BUL</subfield>
    <subfield code="c">GEN</subfield>
    <subfield code="d">2015-08-24</subfield>
    <subfield code="e">COMPRA</subfield>
    <subfield code="g">3.34</subfield>
  </datafield>
  <datafield tag="952" ind1=" " ind2=" ">
    <subfield code="r">2024-12-10 00:00:00</subfield>
    <subfield code="i">8</subfield>
    <subfield code="l">8</subfield>
    <subfield code="o">745.5 O67 BO</subfield>
    <subfield code="p">71871</subfield>
    <subfield code="s">2019-06-21</subfield>
    <subfield code="t">e1</subfield>
    <subfield code="v">8.34</subfield>
    <subfield code="w">2015-08-24</subfield>
    <subfield code="x">FIA</subfield>
    <subfield code="y">BK</subfield>
    <subfield code="z">inventario-2023-12-13</subfield>
    <subfield code="1">0</subfield>
    <subfield code="2">ddc</subfield>
    <subfield code="5">0</subfield>
    <subfield code="7">0</subfield>
    <subfield code="8">GEN</subfield>
    <subfield code="f">P06</subfield>
    <subfield code="a">BUL</subfield>
    <subfield code="b">BUL</subfield>
    <subfield code="c">GEN</subfield>
    <subfield code="d">2015-08-24</subfield>
    <subfield code="e">COMPRA</subfield>
    <subfield code="g">3.34</subfield>
  </datafield>
  <datafield tag="952" ind1=" " ind2=" ">
    <subfield code="r">2025-12-03 00:00:00</subfield>
    <subfield code="i">8</subfield>
    <subfield code="l">1</subfield>
    <subfield code="o">745.5 O67 HI</subfield>
    <subfield code="p">71870</subfield>
    <subfield code="s">2019-03-18</subfield>
    <subfield code="t">e1</subfield>
    <subfield code="v">8.34</subfield>
    <subfield code="w">2015-08-24</subfield>
    <subfield code="x">FIA</subfield>
    <subfield code="y">BK</subfield>
    <subfield code="z">inventario-2023-12-13</subfield>
    <subfield code="1">0</subfield>
    <subfield code="2">ddc</subfield>
    <subfield code="5">0</subfield>
    <subfield code="7">0</subfield>
    <subfield code="8">GEN</subfield>
    <subfield code="f">P06</subfield>
    <subfield code="a">BUL</subfield>
    <subfield code="b">BUL</subfield>
    <subfield code="c">GEN</subfield>
    <subfield code="d">2015-08-24</subfield>
    <subfield code="e">COMPRA</subfield>
    <subfield code="g">3.34</subfield>
  </datafield>
  <datafield tag="952" ind1=" " ind2=" ">
    <subfield code="r">2024-12-10 00:00:00</subfield>
    <subfield code="i">8</subfield>
    <subfield code="l">4</subfield>
    <subfield code="o">745.5 O67 VI</subfield>
    <subfield code="p">71869</subfield>
    <subfield code="s">2017-09-05</subfield>
    <subfield code="t">e1</subfield>
    <subfield code="v">8.34</subfield>
    <subfield code="w">2015-08-24</subfield>
    <subfield code="x">FIA</subfield>
    <subfield code="y">BK</subfield>
    <subfield code="z">inventario-2023-12-13</subfield>
    <subfield code="1">0</subfield>
    <subfield code="2">ddc</subfield>
    <subfield code="5">0</subfield>
    <subfield code="7">0</subfield>
    <subfield code="8">GEN</subfield>
    <subfield code="f">P06</subfield>
    <subfield code="a">BUL</subfield>
    <subfield code="b">BUL</subfield>
    <subfield code="c">GEN</subfield>
    <subfield code="d">2015-08-24</subfield>
    <subfield code="e">COMPRA</subfield>
    <subfield code="g">3.34</subfield>
  </datafield>
  <datafield tag="952" ind1=" " ind2=" ">
    <subfield code="r">2025-12-03 00:00:00</subfield>
    <subfield code="i">8</subfield>
    <subfield code="l">0</subfield>
    <subfield code="o">745.5 O67 RE</subfield>
    <subfield code="p">71868</subfield>
    <subfield code="t">e1</subfield>
    <subfield code="v">8.34</subfield>
    <subfield code="w">2015-08-24</subfield>
    <subfield code="x">FIA</subfield>
    <subfield code="y">BK</subfield>
    <subfield code="z">inventario-2023-12-13</subfield>
    <subfield code="1">0</subfield>
    <subfield code="2">ddc</subfield>
    <subfield code="5">0</subfield>
    <subfield code="7">0</subfield>
    <subfield code="8">GEN</subfield>
    <subfield code="f">P06</subfield>
    <subfield code="a">BUL</subfield>
    <subfield code="b">BUL</subfield>
    <subfield code="c">GEN</subfield>
    <subfield code="d">2015-08-24</subfield>
    <subfield code="e">COMPRA</subfield>
    <subfield code="g">3.34</subfield>
  </datafield>
  <datafield tag="952" ind1=" " ind2=" ">
    <subfield code="r">2024-12-10 00:00:00</subfield>
    <subfield code="i">8</subfield>
    <subfield code="l">0</subfield>
    <subfield code="o">745.5 O67 EN</subfield>
    <subfield code="p">71867</subfield>
    <subfield code="t">e1</subfield>
    <subfield code="v">8.34</subfield>
    <subfield code="w">2015-08-24</subfield>
    <subfield code="x">FIA</subfield>
    <subfield code="y">BK</subfield>
    <subfield code="z">inventario-2023-12-13</subfield>
    <subfield code="1">0</subfield>
    <subfield code="2">ddc</subfield>
    <subfield code="5">0</subfield>
    <subfield code="7">0</subfield>
    <subfield code="8">GEN</subfield>
    <subfield code="f">P06</subfield>
    <subfield code="a">BUL</subfield>
    <subfield code="b">BUL</subfield>
    <subfield code="c">GEN</subfield>
    <subfield code="d">2015-08-24</subfield>
    <subfield code="e">COMPRA</subfield>
    <subfield code="g">3.34</subfield>
  </datafield>
  <datafield tag="952" ind1=" " ind2=" ">
    <subfield code="r">2024-12-10 00:00:00</subfield>
    <subfield code="i">8</subfield>
    <subfield code="l">0</subfield>
    <subfield code="o">745.5 O67 DE</subfield>
    <subfield code="p">71874</subfield>
    <subfield code="t">e1</subfield>
    <subfield code="v">8.34</subfield>
    <subfield code="w">2015-08-24</subfield>
    <subfield code="x">FIA</subfield>
    <subfield code="y">BK</subfield>
    <subfield code="z">inventario-2023-12-13</subfield>
    <subfield code="1">0</subfield>
    <subfield code="2">ddc</subfield>
    <subfield code="5">0</subfield>
    <subfield code="7">0</subfield>
    <subfield code="8">GEN</subfield>
    <subfield code="f">P06</subfield>
    <subfield code="a">BUL</subfield>
    <subfield code="b">BUL</subfield>
    <subfield code="c">GEN</subfield>
    <subfield code="d">2015-08-24</subfield>
    <subfield code="e">COMPRA</subfield>
    <subfield code="g">3.34</subfield>
  </datafield>
  <datafield tag="952" ind1=" " ind2=" ">
    <subfield code="r">2025-12-03 00:00:00</subfield>
    <subfield code="i">8</subfield>
    <subfield code="l">0</subfield>
    <subfield code="o">745.5 O67 PI</subfield>
    <subfield code="p">71866</subfield>
    <subfield code="t">e1</subfield>
    <subfield code="v">8.34</subfield>
    <subfield code="w">2015-08-24</subfield>
    <subfield code="x">FIA</subfield>
    <subfield code="y">BK</subfield>
    <subfield code="z">inventario-2023-12-13</subfield>
    <subfield code="1">0</subfield>
    <subfield code="2">ddc</subfield>
    <subfield code="5">0</subfield>
    <subfield code="7">0</subfield>
    <subfield code="8">GEN</subfield>
    <subfield code="f">P06</subfield>
    <subfield code="a">BUL</subfield>
    <subfield code="b">BUL</subfield>
    <subfield code="c">GEN</subfield>
    <subfield code="d">2015-08-24</subfield>
    <subfield code="e">COMPRA</subfield>
    <subfield code="g">3.34</subfield>
  </datafield>
  <datafield tag="952" ind1=" " ind2=" ">
    <subfield code="r">2025-12-03 00:00:00</subfield>
    <subfield code="i">8</subfield>
    <subfield code="l">0</subfield>
    <subfield code="o">745.5 O67 MU</subfield>
    <subfield code="p">71865</subfield>
    <subfield code="t">e1</subfield>
    <subfield code="v">8.34</subfield>
    <subfield code="w">2015-08-24</subfield>
    <subfield code="x">FIA</subfield>
    <subfield code="y">BK</subfield>
    <subfield code="z">inventario-2023-12-13</subfield>
    <subfield code="1">0</subfield>
    <subfield code="2">ddc</subfield>
    <subfield code="5">0</subfield>
    <subfield code="7">0</subfield>
    <subfield code="8">GEN</subfield>
    <subfield code="f">P06</subfield>
    <subfield code="a">BUL</subfield>
    <subfield code="b">BUL</subfield>
    <subfield code="c">GEN</subfield>
    <subfield code="d">2015-08-24</subfield>
    <subfield code="e">COMPRA</subfield>
    <subfield code="g">3.34</subfield>
  </datafield>
</record>
